00740 a2200205 4500010001400000020002300014035001300037037001800050082001000068090001500078100001900093245006200112260003700174270007500211300002400286500005000310942002500360999001500385952013400400 aENG-85227 a8183770827c625.00 aEN-68760 bD.B.Act / Pub14a363.7 c1716d17161 aSahai, Mridula1 aEnvironment protection and human healthcby Mridula Sahai aNew DelhibMahaveer & Sonsc2006 a4646/4C, , Ansari Road, Darya GanjbNew DelhicDelhie110002k23287638 a249 p.c22 cm. (Hb) aIncludes bibliographical references and index adplcENk363.7 / SAH c1686d1686 00102ddc40718NFICaDBADbDBADeDBAD/PUBg625.00l0o363.7 SAHpEN-68760r2008-09-15 00:00:00t1u1784v625.00w2008-09-15yEN